Gynecologic oncology clinical practice and surgical atlas (Registro nro. 40218)

Detalles MARC
000 -ENCABEZADO
Número de control [NR] 03294nam a2200301Ia 4500
008 - DE LONGITUD FIJA DE DATOS DE ELEMENTOS - INFORMACIÓN GENERAL
Elementos de longitud fija [NR] 130821s2012 xxua gr eng
020 ## - NUMERO INTERNACIONAL NORMALIZADO PARA LIBROS [R]
Número Internacional Normalizado del libro [NR] 9780071749268
040 ## - FUENTE DE CATALOGACION [NR]
Agencia de catalogación original [NR] Co-BoUCM
Idioma de catalogación [NR] spa
041 00 - CODIGO DE IDIOMA [R]
Código de idioma para texto/pista de sonido o título separado [R] Inglés
060 10 - SIGNATURA TOPOGRAFICA DE LA BIBLIOTECA NACIONAL DE MEDICINA (NLM) [R]
Número clasificador [R] WP 17
245 00 - MENCION DE TITULO [NR]
Título [NR] Gynecologic oncology clinical practice and surgical atlas
Mención de responsabilidad, etc. [NR] editado por Beth Y. Karlan, Robert E. Bristow yAndrew J. Li
260 ## - PUBLICACION, DISTRIBUCION, ETC. (PIE DE IMPRENTA) [R]
Lugar de publicación, distribución, etc. [R] Nueva York (Estados Unidos)
Nombre del editor, distribuidor, etc. [R] McGraw-Hill
Fecha de publicación, distribución, etc. [R] 2012
263 ## - FECHA PROYECTADA DE PUBLICACION [NR]
Fecha proyectada de publicación [NR] 1207
300 ## - DESCRIPCION FISICA [R]
Extensión [R] xv, 715 páginas
Otros detalles físicos [NR] ilustraciones a color, tablas
504 ## - NOTA DE BIBLIOGRAFIA, ETC. [R]
Nota de bibliografía, etc. [NR]
505 8# - NOTA DE CONTENIDO CON FORMATO PREESTABLECIDO [R]
Nota de contenido con formato preestablecido [NR] Machine generated contents note: Epidemiology of Gynecologic Cancer, Biostatistics, Clinical Trial Design -- Genetics and Biology of Gynecologic Cancers -- Diagnostic Modalities -- Disease Sites -- Preinvasive Disease of Lower Genital Tract -- Cervical Cancer -- Endometrial Hyperplasia and Cancer -- Uterine Sarcoma -- Gestational Trophoblastic Disease -- Vulvar Cancer -- Vaginal Cancer -- Management of the Adnexal Mass -- Epithelial Ovarian Cancers -- Fallopian Tube and Primary Peritoneal Cancers -- Germ Cell and Sex Cord-Stromal Ovarian Cancers: Part A: Germ Cell Tumors -- Germ Cell and Sex Cord-Stromal Ovarian Cancers: Part B: Sex Cord-Stromal Tumors -- Breast Cancer and Related Disease -- Cancer in Pregnancy -- Cancer metastatic to the gynecologic organs -- Clinical Management Topics -- Perioperative and Critical Care (including nutritional support) -- Principles of Radiation Therapy -- Principles of Chemotherapy -- Targeted and Immuno-therapies -- Complementary Medicine, Quality of Life, and Palliative Care -- Surgical instrumentation and sutures -- Surgical Atlas -- Ovarian/fallopian tube procedures -- Uterine procedures -- Cervical procedures -- Vulvar/vaginal procedures -- Lymphadenectomy -- Staging procedures -- Cytoreductive procedures -- Minimally invasive surgery -- Pelvic exenteration - Part A. Total pelvic exenteration - Part B. Urinary Diversions - Part C. Vaginal and Vulva Reconstruction -- Ancillary procedures.
520 ## - NOTA DE RESUMEN, ETC. [R]
Nota de sumario, etc. [NR] "Essential Gynecologic Oncology will be the most comprehensive single resource on the topic. Currently, all texts in the field present either a medical discussion or surgical procedures. Available surgical atlases are either terribly outdated or shockingly expensive. EGO will be the first to combine these two kinds of resources in a single affordable volume. Each topic is written by experts and is presented in an easily accessible consistent presentation that highlights clinical practice guidelines along with the diagnosis and treatment of specific malignancies. This authoritative coverage is reinforced by the state of the art surgical atlas which offers a richly illustrated, overview of essential procedures designed to build your knowledge and confidence"--Provided by publisher.
650 04 - ASIENTO SECUNDARIO DE MATERIA - TERMINO TEMATICO [R]
Término temático o nombre geográfico como elemento de entrada [NR] Cirugía uroginecológica
Subdivisión de forma [R] Atlas
9 (RLIN) 10934
650 04 - ASIENTO SECUNDARIO DE MATERIA - TERMINO TEMATICO [R]
Término temático o nombre geográfico como elemento de entrada [NR] Cirugía
9 (RLIN) 7407
650 04 - ASIENTO SECUNDARIO DE MATERIA - TERMINO TEMATICO [R]
Término temático o nombre geográfico como elemento de entrada [NR] Ginecología
9 (RLIN) 217
650 04 - ASIENTO SECUNDARIO DE MATERIA - TERMINO TEMATICO [R]
Término temático o nombre geográfico como elemento de entrada [NR] Neoplasmas de la mama
Subdivisión de forma [R] Diagnostico
-- Atlas
9 (RLIN) 20222
650 04 - ASIENTO SECUNDARIO DE MATERIA - TERMINO TEMATICO [R]
Término temático o nombre geográfico como elemento de entrada [NR] Neoplasmas de la mama
Subdivisión general [R] Terapia
Subdivisión de forma [R] Atlas
9 (RLIN) 20222
650 04 - ASIENTO SECUNDARIO DE MATERIA - TERMINO TEMATICO [R]
Término temático o nombre geográfico como elemento de entrada [NR] Oncología
9 (RLIN) 314
700 1# - ASIENTO SECUNDARIO - NOMBRE PERSONAL [R]
Nombre personal [NR] Bristow, Robert E.
9 (RLIN) 160519
700 1# - ASIENTO SECUNDARIO - NOMBRE PERSONAL [R]
Nombre personal [NR] Karlan, Beth Y.
Forma más completa del nombre [NR] (Beth Young)
9 (RLIN) 160520
700 1# - ASIENTO SECUNDARIO - NOMBRE PERSONAL [R]
Nombre personal [NR] Li, Andrew J.
9 (RLIN) 160521
942 ## - ELEMENTOS DE ENTRADA AGREGADOS (KOHA)
Tipo de ítem principal el descrito en 300a Libro
Tema principal Medicina
Edición 1
Parte restante de la signatura top. G997
Sistema de clasificación NLM
Clasificación WP 17
Título oculto en OPAC No
Existencias
Fecha de último préstamo Total préstamos Total Renewals Signatura topográfica Código de barras Última vez visto Ejemplar Price effective from Tipo de ítem Perdido Sistema de clasificación Dañado No prestable Tipo de ítem específico Suprimido Ubicación habitual Ubicación actual Localización Fecha de creación Forma de adquisición Costo
29/10/2025 12 15 WP 17 G997 200024170 12/12/2025 Ej.1 03/02/2013 Libro   NLM     Libro   Quinta de Mutis Quinta de Mutis 2do piso 28/02/2013 Compra 278800.00